000 00591nam a22001937a 4500
005 20251108165924.0
008 250721s1998 xx 000 0 ara d
082 1 4 _a632.76/قاض
100 1 _aالقاضي، محمد
245 1 0 _aالحماية الجنائية للطفولة /
264 1 _aالقاهرة :
_bدار النهضة العربية،
_c1998.
300 _a126ص
650 1 7 _aرعاية الطفولة
650 1 7 _aتشغيل الأحداث
650 1 7 _aصحة الأمومة
650 1 7 _aالرعية الإجتماعية
942 _2ddc
_cBK
999 _c34911
_d34911